000 00589cam a22002171 4500
001 sa 63002430
003 DLC
005 20260227111933.0
008 890823s1962 ii 000 0 eng
010 _asa 63002430
025 _aPL480:I-E-1282
035 _a(OCoLC)20240484
040 _aDLC
_cCU
_dDLC
042 _apremarc
050 0 0 _aLB1025
_b.V4
100 1 _aVerghese, Tholath Paul,
_d1911-
245 1 0 _aPrinciples of education and dynamic methods,
_cby T. Paul Verghese.
260 _aTrichur,
_bAllied Printers,
_c1962.
300 _a151 p.
_c19 cm.
650 0 _aEducation.
999 _c54463
_d54463